00434nam a2200169Ia 4500008004100000020001800041245003200059245004800091260001500139260001600154260000900170300001400179300002500193300001000218440002800228500000800256170705s9999 xx 000 0 und d a9780439314206 aFluffy goes apple picking / cKate McMullan ; illustrated by Mavis Smith. aNew York : bScholastic, c2001 aunpaged : bcolor illustration ; c23cm. aGrowing reader level 3. a150